青梅市(東京都)の駅 - Statistics

General Stats
  • This quiz has been taken 38 times
  • The average score is 8 of 10
Answer Stats
Answer % Correct
青梅
100%
東青梅
97%
河辺
89%
軍畑
83%
御嶽
83%
日向和田
74%
二俣尾
66%
沢井
63%
宮ノ平
57%
石神前
57%
No matching quizzes found
Score Distribution
Percent of People with Each Score
Percentile by Number Answered
Your Score History
You have not taken this quiz